Habla como un triunfador (Registro nro. 2239)

Detalles MARC
000 -Cabecera
Campo de control de longitud fija 00816aam a2200301 4500
005 - Fecha y hora de la última transacción
Campo de control 20250925152412.0
008 - Elementos de longitud fija--Información general
Campo de control de longitud fija 150525b2009 xxu||||| |||| 00| 0 spa d
020 ## - International Standard Book Number
Número Internacional Estándar del Libro (ISBN) 9781607380146
041 ## - Idioma
Código de idioma Español
082 ## - Clasificación Decimal Dewey
Número de clasificación 302.224 2 N163h
100 ## - Entrada principal--Autor personal
Nombre personal Nakamoto, Steve
9 (RLIN) 19232
245 ## - Título propiamente dicho
Título Habla como un triunfador
260 ## - Pie de imprenta
Lugar de publicación, distribución, etc. E.U
260 ## - Pie de imprenta
Nombre del editor, distribuidor, etc. Taller del exito
260 ## - Pie de imprenta
Fecha de publicación, distribución, etc. 2009
300 ## - Descripción física
Extensión 215 páginas
490 ## - Serie
Título de la Serie Temática General
650 ## - Materia general
Temática (materia general) COMUNICACIÓN ORAL
650 ## - Materia general
Temática (materia general) COMUNICACIÓN DIARIA
650 ## - Materia general
Temática (materia general) NIVEL DE COMUNICACIÓN
650 ## - Materia general
Temática (materia general) CONVERSACIONES AMISTOSAS
650 ## - Materia general
Temática (materia general) DISCUSIONES APROPIADAS
650 ## - Materia general
Temática (materia general) CUENTA DE HISTORIAS PERSONALES
650 ## - Materia general
Temática (materia general) PARTICIPACIÓN DEL AUDITORIO
650 ## - Materia general
Temática (materia general) CONTESTACIÓN ADECUADA
650 ## - Materia general
Temática (materia general) MENSAJE IMPLÍCITO
942 ## - Punto de acceso adicional KOHA
Tipo de ítem KOHA Libro
Fuente del sistema de clasificación o colocación Dewey Decimal Classification
Existencias
Signatura completa Código de barras Programa Académico Tipo de ítem
302.224 2 N163h 15218 Temática General Libro